00633cam a22002051i 450000100060000000300080000600500170001400800390003103500190007003500190008904000220010804100080013008200230013810000270016124500980018826000540028630000350034065000110037570000410038631951BD-RjUL20211209051754.0140423r19221961ii a 000 0 eng a(BD-RjUL)32040 a(OCoLC)6552159 aDLCcIUdDLCbeng aeng 219a 297bHUN 19611 aHussain, Ahmed,d1863-10aNotes on Islam /cby Sir Ahmad Hussain. Collected and edited by Hajee Khaja Muhammad Hussain. aLahore :bMuhammad Ashraf,c1922 [reprinted 1961] aviii, 104 p. :bill. ;c19 cm. 0aIslam.1 aHussain, Khaja Muhammad,d1858-eed.